| 000 | 00715nam a2200145 a 4500 | ||
|---|---|---|---|
| 008 | 071211s2005 ||||||||||||||||| || u | ||
| 050 | _aTHESIS/STUDENT | ||
| 100 | _aMwenya, Augustine Kaoma | ||
| 245 | 1 | 0 |
_aInvestigating the partern of residential property conditions around Nkana Mine Area _cthesis supervised by Mr. Akakandelwa |
| 260 |
_aKitwe _bCopperbelt University, School of Built Environment, Department of Planning and Land Economy _c2005 |
||
| 350 | _a0.00 | ||
| 650 | _aPARTERN OF RESIDENTIAL PROPERTY--NKANA MINE AREA | ||
| 650 | _aLAND | ||
| 995 |
_D0.00 _FCBU-MAIN LIBRARY (Kitwe) _H1 _I0.00 _M1 _UAVAILABLE _WDec 11, 2007 _ZUniversity Collection |
||
| 999 |
_c48183 _d48183 |
||